000
00302nam a22001337a 4500
008
170601b xxu||||| |||| 00| 0 eng d
020
_a
0672615215
041
_a
eng
080
_2
3RD
_a
94(100)
100
_a
17
101
_a
SHH
245
_a
A SHORT HISTORY OF THE MOVIES
_c
MAST,G
942
_2
udc
_c
BK
999
_c
15405
_d
15405